Stressed Out: (Record no. 8254)

MARC details
000 -LEADER
fixed length control field 01377cam a22003734a 4500
001 - CONTROL NUMBER
control field 16499062
003 - CONTROL NUMBER IDENTIFIER
control field OSt
005 - DATE AND TIME OF LATEST TRANSACTION
control field 20240412103736.0
008 - FIXED-LENGTH DATA ELEMENTS--GENERAL INFORMATION
fixed length control field 101013s2007 maua b 000 0 eng c
010 ## - LIBRARY OF CONGRESS CONTROL NUMBER
LC control number 2010518262
016 7# - NATIONAL BIBLIOGRAPHIC AGENCY CONTROL NUMBER
Record control number 101317440
Source DNLM
020 ## - INTERNATIONAL STANDARD BOOK NUMBER
International Standard Book Number 9781601460134
020 ## - INTERNATIONAL STANDARD BOOK NUMBER
International Standard Book Number 1601460139
035 ## - SYSTEM CONTROL NUMBER
System control number (OCoLC)ocn154759255
040 ## - CATALOGING SOURCE
Original cataloging agency NLM
Transcribing agency NLM
Modifying agency BTCTA
-- BAKER
-- EYU
-- YDXCP
-- DLC
042 ## - AUTHENTICATION CODE
Authentication code pcc
050 00 - LIBRARY OF CONGRESS CALL NUMBER
Classification number RT23
Item number .B37 2007
060 00 - NATIONAL LIBRARY OF MEDICINE CALL NUMBER
Classification number 2007 J-964
060 10 - NATIONAL LIBRARY OF MEDICINE CALL NUMBER
Classification number WY 87
Item number B287s 2007
082 00 - DEWEY DECIMAL CLASSIFICATION NUMBER
Classification number 005.1 HAL 1995.
Edition number 23
100 1# - MAIN ENTRY--PERSONAL NAME
Personal name Bartholomew, Kathleen.
9 (RLIN) 16874
245 10 - TITLE STATEMENT
Title Stressed Out:
Remainder of title about communication skills
260 ## - PUBLICATION, DISTRIBUTION, ETC. (IMPRINT)
Place of publication, distribution, etc. Marblehead, MA :
Name of publisher, distributor, etc. HCPro Inc.,
Date of publication, distribution, etc. 1995
300 ## - PHYSICAL DESCRIPTION
Extent xiv, 153 p. :
Other physical details ill. ;
Dimensions 24 cm.
504 ## - BIBLIOGRAPHY, ETC. NOTE
Bibliography, etc Includes bibliographical references (p. 151-153).
505 0# - FORMATTED CONTENTS NOTE
Formatted contents note Nurse-to-patient -- Nurse-to-nurse -- Nurse-to-physician -- Nurse-to-manager.
650 #0 - SUBJECT ADDED ENTRY--TOPICAL TERM
Topical term or geographic name as entry element Communication
9 (RLIN) 11738
650 12 - SUBJECT ADDED ENTRY--TOPICAL TERM
Topical term or geographic name as entry element Interprofessional Relations.
9 (RLIN) 16539
856 42 - ELECTRONIC LOCATION AND ACCESS
Materials specified Publisher description
Uniform Resource Identifier http://www.loc.gov/catdir/enhancements/fy1409/2010518262-d.html
856 42 - ELECTRONIC LOCATION AND ACCESS
Materials specified Contributor biographical information
Uniform Resource Identifier http://www.loc.gov/catdir/enhancements/fy1502/2010518262-b.html
906 ## - LOCAL DATA ELEMENT F, LDF (RLIN)
a 7
b cbc
c pccadap
d 2
e ncip
f 20
g y-gencatlg
942 ## - ADDED ENTRY ELEMENTS (KOHA)
Source of classification or shelving scheme Dewey Decimal Classification
Koha item type Open Shelf
Holdings
Withdrawn status Lost status Source of classification or shelving scheme Damaged status Not for loan Home library Current library Date acquired Source of acquisition Inventory number Total Checkouts Full call number Barcode Date last seen Price effective from Koha item type
    Dewey Decimal Classification     MUST Main Library MUST Main Library 14/01/2024 Purchase 11/33788   005.1HAL 1995. 2024-0012 15/01/2024 15/01/2024 Open Shelf